00326cam a2200109ua 4500041001000000082001800010100001700028245010300045260005100148300001200199504000500211 aengh a323.6bWIL/CI aWillat, J . aCitizenship: Responsibilities and Pvivileges of the India Citizen / cWillat J.hTextual Documents aMumbai : bOxford & IBH Book Company , c1946. a187 ; . a